Python Programming (Record no. 13518)

MARC details
000 -LEADER
fixed length control field 00352nam a22001577a 4500
003 - CONTROL NUMBER IDENTIFIER
control field OSt
008 - FIXED-LENGTH DATA ELEMENTS--GENERAL INFORMATION
fixed length control field 250505b |||||||| |||| 00| 0 eng d
020 ## - INTERNATIONAL STANDARD BOOK NUMBER
International Standard Book Number 9789355424952
082 ## - DEWEY DECIMAL CLASSIFICATION NUMBER
Classification number 005.133 ZEP
100 ## - MAIN ENTRY--PERSONAL NAME
Personal name ZELLE,John
245 ## - TITLE STATEMENT
Title Python Programming
250 ## - EDITION STATEMENT
Edition statement 1st Ed Indian
260 ## - PUBLICATION, DISTRIBUTION, ETC. (IMPRINT)
Place of publication, distribution, etc Mumbai
Name of publisher, distributor, etc SPD
Date of publication, distribution, etc 2024
300 ## - PHYSICAL DESCRIPTION
Extent 557
942 ## - ADDED ENTRY ELEMENTS (KOHA)
Source of classification or shelving scheme Dewey Decimal Classification
Koha item type Text Books
Holdings
Withdrawn status Lost status Source of classification or shelving scheme Damaged status Not for loan Collection code Home library Current library Date acquired Source of acquisition Currency Cost, normal purchase price Bill Number Total Checkouts Full call number Acc. no. / Barcode Date last seen Actual Cost, discounted price Bill Date Koha item type
    Dewey Decimal Classification     MCA PIET C-LIBRARY PIET C-LIBRARY 02/05/2025 Zaffa Books INR 1600.00 ZBD0092   005.133 ZEP 39594 05/05/2025 1106.25 02/05/2025 Reference Books
    Dewey Decimal Classification     MCA PIET C-LIBRARY PIET C-LIBRARY 02/05/2025 Zaffa Books INR 1600.00 ZBD0092   005.133 ZEP 39595 05/05/2025 1106.25 02/05/2025 Text Books

Design & Developed by: PIET Central Library
R70 Miles Stone Pattikalyana Samalkha Panipat 132102
mail ID :- [email protected], Phone No:- 0180-2569700 Ex.216